Statistics for Asteroid List 1 - 100

Click here to take the quiz!

General Stats

  • This quiz has been taken 103 times
  • The average score is 64 of 100

Answer Stats

#Asteroid% Correct
1Ceres
100%
4Vesta
100%
2Pallas
96%
3Juno
93%
9Metis
83%
5Astraea
80%
52Europa
80%
6Hebe
80%
7Iris
80%
41Daphne
78%
10Hygiea
78%
30Urania
78%
78Diana
76%
48Doris
76%
8Flora
76%
85Io
76%
38Leda
76%
24Themis
76%
12Victoria
76%
13Egeria
74%
42Isis
74%
89Julia
74%
53Kalypso
74%
21Lutetia
74%
18Melpomene
74%
16Psyche
74%
17Thetis
74%
36Atalante
72%
34Circe
72%
31Euphrosyne
72%
19Fortuna
72%
22Kalliope
72%
49Pales
72%
11Parthenope
72%
23Thalia
72%
54Alexandra
70%
28Bellona
70%
37Fides
70%
74Galatea
70%
100Hekate
70%
14Irene
70%
84Klio
70%
20Massalia
70%
32Pomona
70%
87Sylvia
70%
50Virginia
70%
90Antiope
67%
43Ariadne
67%
62Erato
67%
45Eugenia
67%
15Eunomia
67%
27Euterpe
67%
39Laetitia
67%
44Nysa
67%
55Pandora
67%
88Thisbe
67%
47Aglaja
65%
40Harmonia
65%
57Mnemosyne
65%
51Nemausa
65%
25Phocaea
65%
33Polyhymnia
65%
29Amphitrite
63%
60Echo
63%
35Leukothea
63%
26Proserpina
63%
80Sappho
63%
81Terpsichore
63%
64Angelina
61%
94Aurora
61%
93Minerva
61%
61Danaë
59%
68Leto
59%
79Eurynome
57%
46Hestia
57%
63Ausonia
54%
69Hesperia
54%
75Eurydike
52%
67Asia
50%
65Cybele
50%
99Dike
50%
86Semele
50%
59Elpis
48%
71Niobe
48%
58Concordia
46%
77Frigga
46%
83Beatrix
43%
76Freia
43%
73Klytia
43%
82Alkmene
41%
98Ianthe
41%
56Melete
41%
97Klotho
39%
66Maja
39%
70Panopaea
39%
92Undina
39%
91Aegina
37%
96Aegle
37%
72Feronia
35%
95Arethusa
33%

Score Distribution

Percentile by Number Answered

Percent of People with Each Score

Your Score History

You have not taken this quiz